000 01278nam a22003857a 4500
001 16800347
003 OSt
005 20240703082938.0
008 240703b |||||||| |||| 00| 0 eng d
010 _a 2010678378
015 _aGBB058926
_2bnb
015 _a10,N08
_2dnb
016 7 _a015546344
_2Uk
016 7 _a1000249972
_2DE-101
020 _a9783527325894 (hbk. : alk. paper)
020 _a3527325891 (hbk. : alk. paper)
035 _a(OCoLC)ocn663434786
040 _aKMU
_cKMU
_dKMU
_beng
_erda
042 _aukblcatcopy
_alccopycat
050 0 0 _aQC176.8.N35
_bS365 2010
245 0 0 _aNanoparticles :
_bfrom theory to application /
_cedited by Günter Schmid.
250 _a2nd Completely Revised and Updated Edition.
260 _aWeinheim :
_bWiley-VCH,
_cc2010.
300 _axiii, 522 p. :
_bill. (some col.) ;
_c25 cm.
500 _a"Second, completely revised and updated edition"--Cover.
504 _aIncludes bibliographical references and index.
650 0 _aNanoparticles.
650 0 _aNanoscience.
650 0 _aNanostructures.
650 0 7 _aNanopartikel
_2swd
700 1 _aSchmid, Günter,
_d1937-
906 _a7
_bcbc
_ccopycat
_d2
_encip
_f20
_gy-gencatlg
942 _2lcc
_cBK
_n0
999 _c1365
_d1365